Elenca la formazione - Quiz n°141 - Statistics

Statistiche generali
  • Questo quiz è stato fatto 49 volte
  • Il punteggio medio è 10 su 11
Statistiche sulle risposte
Ruolo Nazione Calciatore % Corretto
Centrocampista Croazia Mateo Kovačić
100%
Centrocampista Brasile / Italia Jorginho
98%
Centrocampista Francia N'Golo Kanté
98%
Attaccante Belgio Eden Hazard
93%
Difensore Danimarca Andreas Christensen
91%
Difensore Brasile / Italia Emerson Palmieri
91%
Attaccante Francia Olovier Giroud
91%
Difensore Spagna César Azpilicueta
89%
Portiere Spagna Kepa Arrizabalaga
87%
Attaccante Spagna Pedro
82%
Difensore Brasile David Luiz
80%
Nessun quiz corrispondente trovato
Distribuzione punteggi
Percentuale di utenti per punteggio
Percentile per numero di risposta
I tuoi punteggi nel tempo
Non hai fatto questo quiz